[Event "Kieler Open 2017-A"]
[Site "Kiel"]
[Date "2017.08.04"]
[Round "9.4"]
[White "Weber, Samuel"]
[Black "Kopylov, Michael"]
[Result "0-1"]
[WhiteElo "2146"]
[BlackElo "2401"]
[Annotator "hjh"]
[PlyCount "96"]


1. e4 c5 2. Nf3 Nc6 3. d3 g6 4. g3 Bg7 5. Bg2 Nf6 6. O-O d5 7. Nbd2 O-O 8. Re1
e5 9. a3 Re8 10. c3 h6 11. b4 d4 12. cxd4 cxd4 13. Nb3 Bf8 14. Bd2 a6 15. Rf1
Na7 16. Ne1 Nb5 17. f4 exf4 18. gxf4 Ng4 19. h3 Ne3 20. Bxe3 dxe3 21. Qe2 Bg7
22. Nc2 Bxa1 23. Rxa1 Qc7 24. Nxe3 Qxf4 25. Nd5 Qg5 26. Qb2 Re5 27. Nd2 Rxd5
28. exd5 Bxh3 29. Ne4 Qxg2+ 30. Qxg2 Bxg2 31. Kxg2 Rd8 32. Rc1 f5 33. Nc5 Rxd5
34. Nxb7 Nxa3 35. Rc6 Kg7 36. Nc5 Nb5 37. Rxa6 Nd4 38. Rb6 h5 39. Kg3 Kh6 40.
Nb7 h4+ 41. Kxh4 Nf3+ 42. Kg3 Rxd3 43. Nc5 Rc3 44. Kf4 Nd4 45. Nd7 Kh5 46. Nf6+
Kh4 47. Rb8 Rf3+ 48. Ke5 Nc6+ 0-1

[Event "Kieler Open 2017-A"]
[Site "Kiel"]
[Date "2017.08.04"]
[Round "9.5"]
[White "Voloshin, Leonid"]
[Black "Kuberczyk, Christoph"]
[Result "1-0"]
[WhiteElo "2342"]
[BlackElo "2177"]
[Annotator "hjh"]
[PlyCount "79"]


1. e4 c5 2. Nf3 d6 3. d4 cxd4 4. Qxd4 Nc6 5. Bb5 Bd7 6. Bxc6 Bxc6 7. Nc3 Nf6 8.
Bg5 e6 9. O-O-O Be7 10. Qd3 O-O 11. Nd4 Qa5 12. f4 Rfd8 13. Kb1 Rab8 14. g4 Bd7
15. Rhe1 b5 16. e5 dxe5 17. fxe5 Nd5 18. Nxd5 Bxg5 19. Nb3 Qxe1 20. Rxe1 Bc6
21. Nf6+ Bxf6 22. Qe3 Bh4 23. Rf1 h6 24. Qxa7 Rb7 25. Qe3 Bg5 26. Qf2 Bd5 27.
h4 Be7 28. Qxf7+ Kh8 29. Qf2 Bc4 30. Rc1 Rf8 31. Qg3 Bd5 32. g5 Rf3 33. Qg4
hxg5 34. hxg5 Rf5 35. Qh3+ Kg8 36. g6 Bg5 37. Qh7+ Kf8 38. Qh8+ Ke7 39. Qxg7+
Ke8 40. Qh8+ 1-0

[Event "Kieler Open 2017-A"]
[Site "Kiel"]
[Date "2017.08.04"]
[Round "9.6"]
[White "Pluska, Alexander"]
[Black "Bente, Björn"]
[Result "0-1"]
[WhiteElo "2130"]
[BlackElo "2272"]
[Annotator "hjh"]
[PlyCount "88"]


1. e4 c6 2. d4 d5 3. e5 c5 4. dxc5 e6 5. a3 Nc6 6. Nf3 Bxc5 7. b4 Bb6 8. Bb2
Nge7 9. Bd3 Ng6 10. O-O O-O 11. Re1 Bd7 12. Nbd2 Rc8 13. c4 Nce7 14. Qb3 a6 15.
Rad1 Qe8 16. Bc2 Bc6 17. c5 Bc7 18. h4 Nf5 19. h5 Nge7 20. g4 Nh6 21. Ng5 g6
22. Qh3 Kg7 23. Ndf3 b6 24. Nd4 Bd7 25. Nxh7 Kxh7 26. g5 Rh8 27. gxh6 bxc5 28.
hxg6+ Nxg6 29. bxc5 Bd8 30. f4 Rxc5 31. f5 exf5 32. e6 fxe6 33. Bxf5 exf5 34.
Rxe8 Rxe8 35. Qh2 Bc7 36. Qf2 Re4 37. Ne6 Rxe6 38. Qd4 Ne5 39. Qxc5 Bb6 40.
Qxb6 Nf3+ 41. Kf2 Rxb6 42. Bg7 Ng5 43. Rxd5 Be6 44. Rd8 Nf7 0-1

[Event "Kieler Open 2017-A"]
[Site "Kiel"]
[Date "2017.08.04"]
[Round "9.7"]
[White "Lenhardt, Manfred"]
[Black "Wichmann, Cliff"]
[Result "0-1"]
[WhiteElo "2019"]
[BlackElo "2268"]
[Annotator "hjh"]
[PlyCount "62"]


1. d4 Nf6 2. Nf3 c5 3. e3 d5 4. Be2 Nc6 5. Nbd2 cxd4 6. exd4 Bf5 7. c3 e6 8.
Nf1 h6 9. Ne3 Be4 10. Bd3 Bd6 11. Bxe4 Nxe4 12. Nd2 Nf6 13. O-O Qc7 14. Ng4
O-O-O 15. Re1 Nxg4 16. Qxg4 Bxh2+ 17. Kf1 Bf4 18. Nb3 g5 19. Bxf4 gxf4 20. Nc5
Rdg8 21. Qf3 Ne7 22. Nd3 Ng6 23. Rec1 Kb8 24. b3 Qd6 25. c4 dxc4 26. Rxc4 Rc8
27. Nc5 Qc6 28. Rac1 Rhd8 29. Qe2 Qd5 30. Qd2 Ka8 31. Ra4 Rxc5 0-1

[Event "Kieler Open 2017-A"]
[Site "Kiel"]
[Date "2017.08.04"]
[Round "9.8"]
[White "Niering, Martin"]
[Black "Kopylov, Daniel"]
[Result "0-1"]
[WhiteElo "2170"]
[BlackElo "2089"]
[Annotator "hjh"]
[PlyCount "104"]


1. e4 c5 2. Nf3 d6 3. d4 cxd4 4. Nxd4 Nf6 5. Nc3 Nc6 6. Bg5 e6 7. Qd2 Be7 8.
O-O-O Nxd4 9. Qxd4 O-O 10. h4 Qa5 11. Kb1 Rd8 12. Be2 Bd7 13. Qd2 Qc7 14. f3
Bc6 15. Qe3 b5 16. Nxb5 Bxb5 17. Bxb5 Rab8 18. Be2 Rdc8 19. c4 d5 20. exd5 Nxd5
21. Rxd5 exd5 22. Qxe7 Qxe7 23. Bxe7 Re8 24. cxd5 Rxe7 25. Bc4 Rc7 26. Rc1 Kf8
27. b3 Ke7 28. Kc2 Kd6 29. Kc3 Re8 30. Kd4 Re5 31. Rh1 Rce7 32. h5 Re1 33. Rh4
h6 34. Rg4 f6 35. Rh4 a5 36. Kc3 R7e5 37. a3 Rg5 38. Kd2 Ra1 39. g4 Re5 40. Kc3
Re3+ 41. Kb2 Rg1 42. Rh2 Rg3 43. Be2 Kxd5 44. Bd1 Kd4 45. Rc2 Re1 46. Rc7 Rg2+
47. Bc2 Ree2 48. b4 a4 49. Kc1 Re1+ 50. Kb2 Re3 51. Rxg7 Rb3+ 52. Kc1 Rc3 0-1

[Event "Kieler Open 2017-A"]
[Site "Kiel"]
[Date "2017.08.04"]
[Round "9.9"]
[White "Junge, Ralph"]
[Black "Besenthal, Klaus-Günther"]
[Result "1-0"]
[WhiteElo "2239"]
[BlackElo "2051"]
[Annotator "hjh"]
[PlyCount "83"]


1. d4 Nc6 2. Nf3 d6 3. e4 Nf6 4. d5 Nb8 5. Nc3 g6 6. h3 Bg7 7. Bg5 O-O 8. Bc4
a6 9. a4 a5 10. O-O Na6 11. Qd2 Nc5 12. Rfe1 e5 13. dxe6 Bxe6 14. Bf1 Qc8 15.
Qe3 Re8 16. Qf4 Nfd7 17. Qd2 Nb6 18. b3 Bxb3 19. cxb3 Nxb3 20. Qc2 Nxa1 21.
Rxa1 Nd7 22. Rd1 Nc5 23. Nd5 Qd7 24. Bb5 c6 25. Nb6 Qe6 26. Nxa8 Rxa8 27. Bd3
Re8 28. Rb1 h6 29. Bd2 Nxd3 30. Qxd3 Qxe4 31. Qb3 Be5 32. Re1 Qd5 33. Qxd5 cxd5
34. Bxh6 f6 35. Bd2 Rc8 36. Rc1 Rxc1+ 37. Bxc1 Bc3 38. Kf1 Kf7 39. Ke2 Ke6 40.
Kd3 Bb4 41. Nd4+ Kd7 42. Bd2 1-0

[Event "Kieler Open 2017-A"]
[Site "Kiel"]
[Date "2017.08.04"]
[Round "9.10"]
[White "Arndt, Magnus"]
[Black "Fernandez, Michael"]
[Result "1/2-1/2"]
[WhiteElo "2047"]
[BlackElo "2236"]
[Annotator "hjh"]
[PlyCount "60"]


1. e4 c6 2. Nc3 d5 3. Nf3 Bg4 4. h3 Bh5 5. exd5 cxd5 6. Bb5+ Nc6 7. g4 Bg6 8.
Ne5 Rc8 9. d4 e6 10. h4 f6 11. Nxg6 hxg6 12. Qd3 Kf7 13. h5 gxh5 14. Rxh5 Rxh5
15. gxh5 Nge7 16. Be3 Nf5 17. Bxc6 Rxc6 18. O-O-O Qa5 19. Kb1 Nd6 20. Qg6+ Ke7
21. h6 gxh6 22. Bxh6 Bxh6 23. Qxh6 Qb4 24. a3 Qc4 25. Qg7+ Nf7 26. Rh1 Rc8 27.
Rh7 Rf8 28. Qg3 Rh8 29. Rxh8 Nxh8 30. Qb8 Qf1+ 1/2-1/2

[Event "Kieler Open 2017-A"]
[Site "Kiel"]
[Date "2017.08.04"]
[Round "9.11"]
[White "Syrov, Arkadi"]
[Black "Tresch, Lukas"]
[Result "1-0"]
[WhiteElo "2223"]
[BlackElo "1993"]
[Annotator "hjh"]
[PlyCount "43"]


1. e4 c5 2. Nf3 d6 3. d4 cxd4 4. Nxd4 Nf6 5. Nc3 Nc6 6. Bg5 e6 7. Qd2 a6 8.
O-O-O h6 9. Nxc6 bxc6 10. Bf4 d5 11. Qe3 Bb4 12. Be2 Qa5 13. Be5 Bb7 14. Kb1
O-O-O 15. a3 Bc5 16. Qg3 d4 17. Qxg7 Bxa3 18. Bxd4 Bxb2 19. Kxb2 Qb4+ 20. Ka1
Rxd4 21. Qxh8+ Kc7 22. Na2 1-0

[Event "Kieler Open 2017-A"]
[Site "Kiel"]
[Date "2017.08.04"]
[Round "9.12"]
[White "Dittmann, Hans-Adolf"]
[Black "Beeck, Mats"]
[Result "0-1"]
[WhiteElo "1944"]
[BlackElo "2145"]
[Annotator "hjh"]
[PlyCount "84"]


1. e4 c5 2. Nc3 g6 3. g3 Bg7 4. Bg2 Nc6 5. d3 Rb8 6. f4 b5 7. a3 Nd4 8. Nf3 d6
9. O-O e6 10. Ne2 Ne7 11. c3 Nxf3+ 12. Bxf3 O-O 13. d4 Qc7 14. Be3 a5 15. e5
Nf5 16. Bf2 dxe5 17. dxe5 Rd8 18. Qc1 Bb7 19. Bxb7 Rxb7 20. g4 Ne7 21. Qc2 Qc6
22. Rad1 Rbd7 23. Rxd7 Rxd7 24. Bh4 Nd5 25. Qe4 Nb4 26. Ng3 Qxe4 27. Nxe4 Nd3
28. Nd6 Nxb2 29. Rb1 Nd3 30. Rxb5 h6 31. Rb8+ Kh7 32. Ne8 g5 33. fxg5 Nxe5 34.
gxh6 Kxh6 35. Bf2 Nxg4 36. Bxc5 Be5 37. Ra8 Bxh2+ 38. Kg2 Rd2+ 39. Kh3 f5 40.
Bd4 Bf4 41. Bg1 Ne5 42. Nc7 Nf3 0-1

[Event "Kieler Open 2017-A"]
[Site "Kiel"]
[Date "2017.08.04"]
[Round "9.13"]
[White "Light, Bjarne"]
[Black "Gutschenreiter, Donato"]
[Result "1-0"]
[WhiteElo "2133"]
[BlackElo "1706"]
[Annotator "hjh"]
[PlyCount "61"]


1. c4 Nf6 2. g3 Nc6 3. Bg2 e5 4. Nc3 Bc5 5. a3 a5 6. e3 d6 7. Nge2 Bf5 8. d4
exd4 9. exd4 Bb6 10. h3 O-O 11. Be3 Re8 12. g4 Bg6 13. O-O Rb8 14. Nf4 Ne7 15.
c5 Ba7 16. Nb5 Nc8 17. Nxg6 hxg6 18. Rc1 Qd7 19. Qb3 c6 20. Nxa7 Nxa7 21. Bf4
Nc8 22. Rfd1 Qe6 23. Qg3 Nd5 24. Bd2 Ra8 25. Re1 Qd7 26. Rxe8+ Qxe8 27. Bxd5
cxd5 28. Qb3 Qc6 29. cxd6 Qxd6 30. Qxb7 Nb6 31. Rc6 1-0

[Event "Kieler Open 2017-A"]
[Site "Kiel"]
[Date "2017.08.04"]
[Round "9.14"]
[White "Sasaki, Yu"]
[Black "Böhm, Thomas"]
[Result "0-1"]
[WhiteElo "1632"]
[BlackElo "2103"]
[Annotator "hjh"]
[PlyCount "128"]


1. e4 c5 2. Nf3 g6 3. c3 Bg7 4. Bc4 Qc7 5. d3 e6 6. O-O Ne7 7. Be3 O-O 8. a4 b6
9. Na3 a6 10. Qd2 d5 11. exd5 exd5 12. Bb3 Nbc6 13. Bf4 Qd8 14. Rfe1 Bg4 15.
Bd1 Re8 16. Nc2 d4 17. cxd4 cxd4 18. Nb4 Nxb4 19. Qxb4 Nd5 20. Rxe8+ Qxe8 21.
Qd2 Qe7 22. h3 Bf5 23. Bh6 Bf6 24. Bb3 Qd6 25. Re1 Rd8 26. g4 Bd7 27. Bxd5 Qxd5
28. Qf4 Bh8 29. Ng5 Re8 30. Rxe8+ Bxe8 31. Qb8 Qe5 32. Qxb6 Bxa4 33. Qxa6 Bb5
34. Qb7 Qe8 35. Nxf7 $2 Bc6 36. Qb4 Qxf7 37. Qd6 Qe8 38. Kf1 Be5 39. Qb4 Bb5
40. Qb3+ Kh8 41. Qc2 Qc6 42. Qxc6 Bxc6 43. Bg5 Kg7 44. Bd8 Kf7 45. Bb6 Ke6 46.
f4 Bf6 47. Kf2 Bb5 48. Ke2 Kd5 49. Ba5 Be7 50. Bd2 Bd6 51. Bc1 Kc5 52. h4 Kd5
53. b3 Ke6 54. Bb2 Bc5 55. Bc1 Kf6 56. Bd2 h5 57. gxh5 gxh5 58. Ba5 Kf5 59. b4
Be7 60. Bb6 Bf6 61. Kf3 Bxd3 62. Bc5 Bb5 63. Bb6 d3 64. Ke3 Bxh4 0-1

[Event "Kieler Open 2017-A"]
[Site "Kiel"]
[Date "2017.08.04"]
[Round "9.15"]
[White "Oltzen, Samuel"]
[Black "Saglam, Bülent"]
[Result "1-0"]
[WhiteElo "1974"]
[BlackElo "2107"]
[Annotator "hjh"]
[PlyCount "103"]


1. e4 e5 2. Nf3 Nc6 3. Bc4 Nf6 4. d3 Be7 5. O-O d6 6. Re1 Bg4 7. c3 Na5 8. Bb5+
c6 9. Ba4 b5 10. Bc2 c5 11. Nbd2 Nc6 12. h3 Be6 13. Nf1 h6 14. d4 cxd4 15. cxd4
exd4 16. Nxd4 Nxd4 17. Qxd4 Rc8 18. Bd3 Bc4 19. b3 Bxd3 20. Qxd3 Qd7 21. Ne3
O-O 22. Nf5 Kh8 23. e5 Ne8 24. Nxe7 Qxe7 25. Ba3 b4 26. Bxb4 Qb7 27. Ba3 Rg8
28. exd6 Rd8 29. Rad1 Rd7 30. Re7 Nf6 31. Rxd7 Qxd7 32. Bb2 Re8 33. Bxf6 gxf6
34. Qc3 Kg7 35. Qc7 Rd8 36. Qxd7 Rxd7 37. g4 f5 38. gxf5 f6 39. f3 Kf8 40. Kf2
Ke8 41. Re1+ Kd8 42. Re6 Rf7 43. Ke3 h5 44. h4 Rb7 45. Rxf6 Rb4 46. f4 a5 47.
Rh6 Kd7 48. Rxh5 a4 49. bxa4 Rxa4 50. Rh6 Rxa2 51. Kf3 Ke8 52. Rh7 1-0

[Event "Kieler Open 2017-A"]
[Site "Kiel"]
[Date "2017.08.04"]
[Round "9.16"]
[White "Ritter, Uwe"]
[Black "Buchholz, Sebastian"]
[Result "0-1"]
[WhiteElo "2003"]
[BlackElo "2075"]
[Annotator "hjh"]
[PlyCount "104"]


1. e4 c5 2. Nc3 a6 3. g3 b5 4. Bg2 Bb7 5. d3 e6 6. Nf3 d6 7. O-O Nf6 8. e5 dxe5
9. Nxe5 Bxg2 10. Kxg2 Bd6 11. Qf3 Ra7 12. Bf4 O-O 13. h4 Qc7 14. Rae1 Rd8 15.
g4 b4 16. Nd1 Nd5 17. Bg3 Nc6 18. Nxc6 Qxc6 19. c4 Ne7 20. Qxc6 Nxc6 21. Bxd6
Rxd6 22. Re3 Rad7 23. b3 Rxd3 24. Rxd3 Rxd3 25. Nb2 Rd4 26. Kg3 Ne5 27. f3 Kf8
28. Na4 Nd7 29. a3 a5 30. axb4 axb4 31. Kf2 Ke7 32. Ke2 Kd6 33. Ra1 h5 34. gxh5
Rxh4 35. Rg1 Rxh5 36. Rxg7 Re5+ 37. Kd2 Rf5 38. Rg3 Ne5 39. Ke3 Nc6 40. Rg8 Nd4
41. Ke4 Nxb3 42. Rd8+ Kc7 43. Ra8 Nd2+ 44. Kd3 Nxf3 45. Ra7+ Kd6 46. Ke4 Nd2+
47. Kd3 Nb3 48. Ke4 Rf1 49. Nb6 f5+ 50. Ke3 Nd4 51. Kd3 Rc1 52. Nc8+ Ke5 0-1

[Event "Kieler Open 2017-A"]
[Site "Kiel"]
[Date "2017.08.04"]
[Round "9.17"]
[White "Haffner, Alexander"]
[Black "Hartwig, Frank"]
[Result "1/2-1/2"]
[WhiteElo "2061"]
[BlackElo "1929"]
[Annotator "hjh"]
[PlyCount "153"]


1. d4 e6 2. Nf3 d5 3. c4 c6 4. Nc3 Nf6 5. Bg5 Bb4 6. cxd5 exd5 7. Nd2 Nbd7 8.
e3 Be7 9. Bd3 h6 10. Bf4 Nf8 11. O-O Ne6 12. Be5 a6 13. Rc1 O-O 14. Bb1 Re8 15.
h3 Nf8 16. Nf3 N6h7 17. Ne2 Bf6 18. Ng3 Ng5 19. Bxf6 Qxf6 20. Ne5 Qd8 21. Qh5
Qe7 22. f4 Ngh7 23. Rce1 Nf6 24. Qd1 Qb4 25. Qc2 Ne4 26. Nxe4 dxe4 27. a3 Qb6
28. f5 Nh7 29. Ba2 Rf8 30. Qxe4 Qxb2 31. Bc4 Qc3 32. Rc1 Nf6 33. Qf4 Qxa3 34.
Ng4 Nxg4 35. hxg4 Re8 36. e4 b5 37. Be2 Qb2 38. Qe3 Rd8 39. Rcd1 Bd7 40. Rd2
Qb4 {nun wird es spannend !} 41. g5 hxg5 42. f6 gxf6 43. Rxf6 Qf8 44. Qxg5+ Qg7
45. Qh4 Re8 46. e5 Re6 47. Rd3 Rxf6 48. exf6 Qh7 49. Rg3+ Kh8 50. Qf4 Qb1+ 51.
Bf1 Rg8 52. Rg7 Rxg7 53. Qh6+ Qh7 54. fxg7+ Kg8 55. Qd6 Kxg7 56. Qxd7 Qe4 57.
Qd6 a5 58. Qg3+ Kf6 59. Qf2+ Ke7 60. g3 a4 61. Bg2 Qb1+ 62. Kh2 Qh7+ 63. Bh3
Qd3 64. Bf5 Qc3 65. Qe2+ Kd8 66. Qe5 Qd2+ 67. Kh3 Qh6+ 68. Kg4 a3 69. Qb8+ Ke7
70. Qa7+ Ke8 71. Qa8+ Ke7 72. Qxa3+ Qd6 73. Qxd6+ Kxd6 74. Kf4 b4 75. Bc2 Kd5
76. Be4+ Kd6 77. Kf5 1/2-1/2

[Event "Kieler Open 2017-A"]
[Site "Kiel"]
[Date "2017.08.04"]
[Round "9.18"]
[White "Jordan, Christian"]
[Black "Müller, Jan Hendrik"]
[Result "0-1"]
[WhiteElo "1972"]
[BlackElo "2056"]
[Annotator "hjh"]
[PlyCount "52"]


1. e4 e6 2. d4 d5 3. Nc3 Bb4 4. e5 c5 5. a3 Bxc3+ 6. bxc3 Ne7 7. Nf3 Nbc6 8. a4
Qa5 9. Bd2 Bd7 10. Bb5 f6 11. exf6 gxf6 12. dxc5 O-O-O 13. Nd4 Qc7 14. O-O e5
15. Bxc6 bxc6 16. Qe2 Rdg8 17. Rfb1 Kd8 18. Qa6 exd4 19. Rb7 Rxg2+ 20. Kxg2
Rg8+ 21. Kf1 Bh3+ 22. Ke2 Qe5+ 23. Be3 dxe3 24. Rxe7 Qxe7 25. Qxc6 exf2+ 26.
Kd2 Rg1 0-1

[Event "Kieler Open 2017-A"]
[Site "Kiel"]
[Date "2017.08.04"]
[Round "9.19"]
[White "Rohde, Patrick"]
[Black "Rieper, Julian"]
[Result "0-1"]
[WhiteElo "1972"]
[BlackElo "2022"]
[Annotator "hjh"]
[PlyCount "56"]


1. e4 e5 2. Nf3 Nc6 3. Bb5 a6 4. Ba4 Nf6 5. O-O Be7 6. Qe2 b5 7. Bb3 d6 8. c3
O-O 9. Rd1 Na5 10. Bc2 c5 11. d4 Qc7 12. dxe5 dxe5 13. Nbd2 Nh5 14. Nf1 g6 15.
a4 b4 16. cxb4 cxb4 17. b3 Be6 18. Bh6 Rfc8 19. Rac1 Nf4 20. Bxf4 exf4 21. Nd4
Bf6 22. Nxe6 fxe6 23. e5 Qxe5 24. Qxe5 Bxe5 25. Be4 Rab8 26. Nd2 Rxc1 27. Rxc1
Bc3 28. Rc2 Rd8 0-1

[Event "Kieler Open 2017-A"]
[Site "Kiel"]
[Date "2017.08.04"]
[Round "9.20"]
[White "Neuendorf, Max"]
[Black "Bendel, Ralf"]
[Result "1/2-1/2"]
[WhiteElo "1849"]
[BlackElo "2018"]
[Annotator "hjh"]
[PlyCount "58"]


1. e4 c5 2. c3 g6 3. d4 cxd4 4. cxd4 d5 5. e5 Nc6 6. Nc3 Bg7 7. h3 Nh6 8. Nf3
O-O 9. Bb5 f6 10. Bxc6 bxc6 11. exf6 exf6 12. O-O Re8 13. Bxh6 Bxh6 14. Na4 Bf5
15. Nc5 {(=)} Qa5 16. Nh4 Bc8 17. Qd3 Qd2 18. Qxd2 Bxd2 19. Nf3 Bh6 20. g4 Rb8
21. b3 Kf7 22. Kg2 Bf4 23. Rfe1 Rxe1 24. Rxe1 h6 25. Nd3 Bd6 26. Rc1 Bd7 27.
Nc5 Be8 28. Ne1 Rb4 29. Nf3 Rb5 1/2-1/2

[Event "Kieler Open 2017-A"]
[Site "Kiel"]
[Date "2017.08.04"]
[Round "9.21"]
[White "Horn, Peter"]
[Black "Quiring, Nikolai"]
[Result "1-0"]
[WhiteElo "2078"]
[BlackElo "1853"]
[Annotator "hjh"]
[PlyCount "27"]


1. c4 e6 2. g3 d5 3. Bg2 c5 4. Nf3 Nc6 5. d4 cxd4 6. Nxd4 Bb4+ 7. Nc3 Nxd4 8.
Qxd4 Qf6 9. Be3 dxc4 10. Qxc4 Qe7 11. O-O Nh6 12. Nb5 Bd6 13. Rfd1 Be5 14. Bc5
1-0

[Event "Kieler Open 2017-A"]
[Site "Kiel"]
[Date "2017.08.04"]
[Round "9.22"]
[White "Möller, Dustin"]
[Black "Bernhardsson, Sten"]
[Result "1-0"]
[WhiteElo "2078"]
[BlackElo "1927"]
[Annotator "hjh"]
[PlyCount "83"]


1. d4 d5 2. c4 e6 3. Nf3 Nf6 4. Nc3 Be7 5. Bf4 O-O 6. e3 c5 7. dxc5 Bxc5 8. Qc2
Nc6 9. O-O-O Qa5 10. a3 dxc4 11. Bxc4 a6 12. Na4 Bxa3 13. bxa3 e5 14. Bg5 b5
15. Bxf6 gxf6 16. Bd5 Bb7 17. Nc5 Qxa3+ 18. Kd2 Nb4 19. Qb3 Qxb3 20. Bxb3 Bxf3
21. gxf3 Rfc8 22. Ne4 a5 23. Nxf6+ Kf8 24. Nd5 Rd8 25. Ke2 Nxd5 26. Bxd5 Rab8
27. e4 Rdc8 28. Rc1 Ke7 29. Rxc8 Rxc8 30. Rb1 Rc5 31. Kd2 f6 32. Rg1 Rc7 33. h4
b4 34. Rg7+ Kd6 35. Rxc7 Kxc7 36. Bb3 Kc6 37. Ba4+ Kc5 38. Kd3 h6 39. h5 b3 40.
Bxb3 Kb4 41. Bd1 a4 42. Bxa4 1-0

[Event "Kieler Open 2017-A"]
[Site "Kiel"]
[Date "2017.08.04"]
[Round "9.23"]
[White "Papesch, Dennis"]
[Black "Wanner, Lukas"]
[Result "0-1"]
[WhiteElo "1812"]
[BlackElo "2046"]
[Annotator "hjh"]
[PlyCount "70"]


1. c4 Nf6 2. d4 g6 3. Nc3 Bg7 4. Nf3 O-O 5. e4 d6 6. Be2 e5 7. d5 a5 8. h3 Na6
9. Be3 Nd7 10. Qc2 f5 11. Bg5 Qe8 12. Nd2 h6 13. Bh4 g5 14. Bg3 f4 15. Bh2 Nf6
16. O-O-O Bd7 17. f3 Qb8 18. Bg1 Rc8 19. Kb1 Bf8 20. h4 c6 21. hxg5 hxg5 22.
Na4 Nb4 23. Qb3 cxd5 24. Nb6 d4 25. c5+ $2 (25. a3) 25... d5 26. Nxa8 $2 (26.
a3 a4 27. Qxb4 Bxc5 28. Nxd7) 26... Qxa8 27. a3 a4 28. Qxb4 Bxc5 29. Nc4 Bxb4
30. Nb6 Qa5 31. Nxc8 Bf8 32. Rc1 Qd2 33. Bf1 dxe4 34. fxe4 Nxe4 35. Nb6 Bf5 0-1

[Event "Kieler Open 2017-A"]
[Site "Kiel"]
[Date "2017.08.04"]
[Round "9.25"]
[White "Kaiser, Johannes"]
[Black "Benzen, Marthe"]
[Result "0-1"]
[WhiteElo "1730"]
[BlackElo "1947"]
[Annotator "hjh"]
[PlyCount "78"]


1. e4 e5 2. Nf3 Nc6 3. d4 exd4 4. Bc4 Nf6 5. e5 d5 6. Bb5 Ne4 7. Nxd4 Bd7 8.
Bxc6 bxc6 9. O-O Bc5 10. f3 Ng5 11. Be3 Ne6 12. c3 O-O 13. f4 f5 14. Nd2 Bb6
15. N2f3 c5 16. Nxe6 Bxe6 17. Ng5 Bc8 18. Qe2 h6 19. Nf3 a5 20. Rfd1 Bb7 21.
Qf2 Qe7 22. a4 Rfd8 23. Nh4 Bc8 24. Ng6 Qe6 25. Nh4 {(=)} Qc6 26. h3 Be6 27.
Rd2 Rd7 28. Nf3 Rad8 29. Kh2 Ba7 30. Kg1 Rb8 31. Ne1 Rb3 32. Kh2 d4 33. cxd4
Qe4 34. Nc2 Rxb2 35. Rad1 Bb3 36. dxc5 Rxd2 37. Rxd2 Rxc2 38. Rd8+ Kh7 39. Qg3
Bd5 0-1

[Event "Kieler Open 2017-A"]
[Site "Kiel"]
[Date "2017.08.04"]
[Round "9.26"]
[White "Oltmanns, Marc"]
[Black "Basey, Matthew"]
[Result "0-1"]
[WhiteElo "1609"]
[BlackElo "1940"]
[Annotator "hjh"]
[PlyCount "50"]


1. Nf3 Nf6 2. c4 g6 3. Nc3 Bg7 4. g3 b6 5. Bg2 Bb7 6. O-O O-O 7. d3 d6 8. Qc2
e5 9. Rb1 Re8 10. b4 a5 11. a3 axb4 12. axb4 e4 13. Nh4 exd3 14. exd3 Bxg2 15.
Nxg2 Nc6 16. Be3 Ne5 17. Qd1 Ra3 18. Qc1 Nf3+ 19. Kh1 Qd7 20. Ne1 Nxe1 21. Rxe1
Qh3 22. Qxa3 Ng4 23. Kg1 Nxh2 24. f4 Qxg3+ 25. Kh1 Nf3 0-1

[Event "Kieler Open 2017-A"]
[Site "Kiel"]
[Date "2017.08.04"]
[Round "9.27"]
[White "Deutschbein, Christopher"]
[Black "Kreutz, Jonas"]
[Result "1/2-1/2"]
[WhiteElo "1934"]
[BlackElo "1910"]
[Annotator "hjh"]
[PlyCount "51"]


{1/2-1/2} 1. e4 e6 2. d4 d5 3. Nd2 Nc6 4. Ngf3 Nf6 5. e5 Nd7 6. c4 dxc4 7. Nxc4
Nb6 8. a3 Ne7 9. Na5 Nbd5 10. Bd3 b6 11. Nc4 Bb7 12. O-O Ng6 13. g3 Nde7 14.
Re1 h5 15. Qe2 Qd5 16. Be4 Qxe4 17. Qxe4 Bxe4 18. Rxe4 Nf5 19. Ne3 Nge7 20.
Nxf5 Nxf5 21. Bg5 Be7 22. Rc1 O-O-O 23. Bxe7 Nxe7 24. Re2 Rd7 25. Rec2 Rhd8 26.
h3 1/2-1/2

[Event "Kieler Open 2017-A"]
[Site "Kiel"]
[Date "2017.08.04"]
[Round "9.29"]
[White "Olde, Henning"]
[Black "Neumann, Frank"]
[Result "0-1"]
[WhiteElo "1873"]
[BlackElo "2080"]
[Annotator "hjh"]
[PlyCount "92"]


1. f4 g6 2. Nf3 Bg7 3. e3 d5 4. d4 Bg4 5. Be2 Nf6 6. Nbd2 O-O 7. O-O e6 8. h3
Bxf3 9. Bxf3 c5 10. c3 cxd4 11. cxd4 Nc6 12. a3 a5 13. Rb1 a4 14. Be2 Nd7 15.
Nf3 Nb6 16. Bb5 Qc7 17. Bd2 Na5 18. Bxa4 Nxa4 19. Qxa4 Nc4 20. Qb3 Nxd2 21.
Nxd2 Qa5 22. Qd3 Rfc8 23. Rfc1 Qa4 24. Rc3 Rxc3 25. Qxc3 b5 26. Rc1 b4 27. axb4
Bf8 28. Nf3 Bxb4 29. Qc7 Qb3 30. Qe5 Bd6 $3 31. Qxd6 Qxe3+ 32. Kh2 Qxc1 33. Ng5
Rf8 $2 34. Nxe6 (34. Nxh7 $1) 34... fxe6 35. Qxe6+ Rf7 36. Qe8+ Kg7 37. Qe5+
Kf8 38. Qh8+ Ke7 39. Qe5+ Kd8 40. Qxd5+ Rd7 41. Qa8+ Qc8 42. Qa5+ Qc7 43. Qa8+
Ke7 44. Qe4+ Kf7 45. h4 Qd6 46. h5 Qxd4 0-1

[Event "Kieler Open 2017-A"]
[Site "Kiel"]
[Date "2017.08.04"]
[Round "9.30"]
[White "Fleischmann, Yannic"]
[Black "Karlisch, Moritz"]
[Result "1/2-1/2"]
[WhiteElo "1858"]
[BlackElo "1902"]
[Annotator "hjh"]
[PlyCount "87"]


1. e4 e6 2. d3 d5 3. Nd2 c5 4. Ngf3 Nf6 5. g3 g6 6. Bg2 Bg7 7. O-O O-O 8. Re1
Nc6 9. c3 b5 10. Qe2 Bb7 11. Nf1 Qb6 12. e5 Nd7 13. Bf4 Rfe8 14. h4 b4 15. N1h2
f6 16. Ng4 Ba6 17. exf6 Nxf6 18. Nh6+ Bxh6 19. Bxh6 e5 20. Bg5 Ne4 21. Qc2 Nxg5
22. Nxg5 Rad8 23. Rad1 Kg7 24. Kh2 Qc7 25. Nh3 Qb6 26. f4 Bb7 27. fxe5 Nxe5 28.
Nf2 a5 29. Re2 d4 30. c4 Bxg2 31. Kxg2 Qc6+ 32. Ne4 Ng4 33. Rde1 Ne3+ 34. Rxe3
dxe3 35. Rxe3 a4 36. b3 axb3 37. Qb2+ Rd4 38. axb3 Kg8 39. Qe2 Ra8 40. Kh2 Ra3
41. Nxc5 Qxc5 42. Re8+ Kg7 43. Re7+ Kf8 44. Re8+ 1/2-1/2

[Event "Kieler Open 2017-A"]
[Site "Kiel"]
[Date "2017.08.04"]
[Round "9.31"]
[White "Lippmann, Kai"]
[Black "Litau, Alexej"]
[Result "1-0"]
[WhiteElo "1877"]
[BlackElo "1701"]
[Annotator "hjh"]
[PlyCount "59"]


1. c4 c6 2. d4 d5 3. Nc3 Nf6 4. Nf3 a6 5. Bf4 b5 6. c5 g6 7. h3 Bg7 8. e3 O-O
9. Bd3 Re8 10. O-O Nfd7 11. b4 e5 12. dxe5 Nxe5 13. Nxe5 Bxe5 14. Bxe5 Rxe5 15.
Ne2 Nd7 16. Nd4 Qf6 17. Qd2 Re8 18. f4 Bb7 19. Rf3 Qe7 20. Raf1 a5 21. a3 axb4
22. axb4 Ra6 23. Rg3 Rea8 24. Bb1 Kh8 25. f5 g5 26. f6 Nxf6 27. Nf5 Qe5 28.
Rxg5 Rg8 29. Rxg8+ Nxg8 30. Nd6 1-0

[Event "Kieler Open 2017-A"]
[Site "Kiel"]
[Date "2017.08.04"]
[Round "9.32"]
[White "Weißhorn, Lasse"]
[Black "Zimmermann, Manfred"]
[Result "0-1"]
[WhiteElo "1876"]
[BlackElo "1802"]
[Annotator "hjh"]
[PlyCount "62"]


1. e4 c5 2. d4 cxd4 3. c3 dxc3 4. Nxc3 e6 5. Nf3 a6 6. Bc4 Ne7 7. O-O Ng6 8.
Qe2 Be7 9. Rd1 O-O 10. Be3 Nc6 11. Rac1 Na5 12. Bd3 b5 13. a3 Bb7 14. b4 Nc6
15. Bb1 Rc8 16. Qd2 d6 17. a4 Nce5 18. Nxe5 Nxe5 19. axb5 Nc4 20. Qe2 Nxe3 21.
Qxe3 axb5 22. Nxb5 Rc6 23. Qd3 Rxc1 24. Rxc1 Ba6 25. e5 g6 26. exd6 Bf6 27. Rc6
Qa8 28. Rc5 Rb8 29. Qc4 Qb7 30. Be4 Bxb5 31. d7 Qxd7 0-1

[Event "Kieler Open 2017-A"]
[Site "Kiel"]
[Date "2017.08.04"]
[Round "9.33"]
[White "Schmidt, Peter"]
[Black "Untiedt, Urs Arved"]
[Result "0-1"]
[WhiteElo "1876"]
[BlackElo "1762"]
[Annotator "hjh"]
[PlyCount "28"]


1. e4 c5 2. Nf3 d6 3. d4 cxd4 4. Nxd4 Nf6 5. Nc3 a6 6. Bc4 e6 7. Bb3 Be7 8. Qf3
O-O 9. Bg5 Qc7 10. O-O-O b5 11. e5 dxe5 12. Nxe6 fxe6 13. Qxa8 Bb7 14. Bxe6+
Kh8 0-1

[Event "Kieler Open 2017-A"]
[Site "Kiel"]
[Date "2017.08.04"]
[Round "9.34"]
[White "Krieglstein, Marcel"]
[Black "Berenstein, Alexander"]
[Result "1/2-1/2"]
[WhiteElo "1803"]
[BlackElo "1873"]
[Annotator "hjh"]
[PlyCount "54"]


1. d4 Nf6 2. c4 e6 3. Nf3 b6 4. Bg5 Bb7 5. e3 h6 6. Bh4 g5 7. Bg3 Ne4 8. Bd3 d6
9. Bxe4 Bxe4 10. Nc3 Bg6 11. Qa4+ Qd7 12. Nb5 c6 13. Nc3 f6 14. Nd2 Be7 15. f3
a6 16. Rc1 O-O 17. O-O b5 18. Qb3 d5 19. c5 a5 20. Qd1 Na6 21. f4 Kg7 22. Nf3
Bd8 23. Qe2 Bc7 24. Rcd1 Ra7 25. Rd2 Nb8 26. Qe1 Qc8 27. Qe2 {(=)} a4 {Remis
nach 99 Zügen} 1/2-1/2